000 00739nam a2200205 a 4500
001 000042397
005 20201002040128.0
008 131128s2009 sp 001 0 spa d
020 _a9788449322297
040 _aDO-SdBNP
_bspa
_cBNPHU
100 1 _aNussbaum, Martha C.
_969510
240 1 0 _aThe class within. Democracy, religious violence and India´s future.
245 1 0 _aIndia :
_bdemocracia y violencia religiosa. /
_cMartha C. Nussbaum; traducción, Vanesa Casanova.
260 _aBarcelona, :
_bPaidós,
_c2009.
300 _a447 p. ;
_c24 cm.
490 1 _aPaidós, Estado y Sociedad
_v163
500 _aIncluye índice onomástico
700 1 _aCasanova, Vanesa
_etrad.
_969511
830 0 _aPaidós, Estado y Sociedad
_v163
_912469
999 _c41886
_d41886